MARC

LEADER 00000nam0a2200000 4500
001 339807
005 20231102005158.0
035 |a (RuTPU)RU\TPU\book\366350 
090 |a 339807 
100 |a 20180129d1971 m y0rusy50 ca 
101 0 |a rus 
102 |a RU 
105 |a a j 001zy 
200 1 |a Электротехника и электрооборудование судов  |e учебное пособие  |f Н. М. Хомяков, В. В. Денисов, В. А. Панов 
210 |a Ленинград  |c Судостроение  |d 1971 
215 |a 367 с.  |c ил. 
320 |a Библиогр.: с. 363 
606 1 |a Судовая электротехника  |2 stltpush  |3 (RuTPU)RU\TPU\subj\58091  |9 75920 
610 1 |a электрические цепи 
610 1 |a электромагнитные цепи 
610 1 |a электрические измерения 
610 1 |a трансформаторы 
610 1 |a электрические машины 
610 1 |a источники электрической энергии 
610 1 |a судовые электроэнергетические установки 
610 1 |a аппаратура управления 
610 1 |a электроприводы 
610 1 |a электроэнергетические системы 
610 1 |a электрические сети 
610 1 |a освещение 
610 1 |a связь 
610 1 |a сигнализация 
610 1 |a преобразователи 
610 1 |a электробезопасность 
610 1 |a учебные пособия 
675 |a 629.12.06(075.8)  |v 4 
700 1 |a Хомяков  |b Н. М.  |g Николай Михайлович 
701 1 |a Денисов  |b В. В.  |g Вадим Васильевич 
701 1 |a Панов  |b В. А.  |g Владислав Александрович 
801 1 |a RU  |b 63413507  |c 20180129 
801 2 |a RU  |b 63413507  |c 20180129  |g RCR 
942 |c BK